INFORME FINAL DEL EJERCICIO PROFESIONAL SUPERVISADO REALIZADO EN PLANTA HIDROELÉCTRICA CHIXOY, SAN CRISTÓBAL VERAPAZ, ALTA VERAPAZ/ (Registro nro. 1240)
[ vista simple ]
| 000 -LEADER | |
|---|---|
| campo de control de longitud fija | 02879nam a22003257a 4500 |
| 001 - NÚMERO DE CONTROL | |
| campo de control | EPSCPA 0008 |
| 003 - IDENTIFICADOR DE NÚMERO DE CONTROL | |
| campo de control | gtcocun |
| 005 - FECHA Y HORA DE LA ÚLTIMA TRANSACCIÓN | |
| campo de control | 20250820184057.0 |
| 006 - CÓDIGOS DE INFORMACIÓN DE LONGITUD FIJA--CARACTERÍSTICAS DEL MATERIAL ADICIONAL | |
| campo de control de longitud fija | a||||gr|||| 00| 0 |
| 007 - CAMPO FIJO DE DESCRIPCIÓN FÍSICA--INFORMACIÓN GENERAL | |
| campo de control de longitud fija | ta |
| 008 - DATOS DE LONGITUD FIJA--INFORMACIÓN GENERAL | |
| campo de control de longitud fija | 250820b2015 gt ||||| m||| 00| 0 eng d |
| 040 ## - FUENTE DE CATALOGACIÓN | |
| Centro catalogador/agencia de origen | gtcocun |
| Lengua de catalogación | SPA |
| Centro/agencia transcriptor | gtcocun |
| Normas de descripción | RDA |
| 041 ## - CÓDIGO DE IDIOMA | |
| Código de lengua del texto/banda sonora o título independiente | SPA EPSCPA 0008 |
| 084 ## - OTRO NÚMERO DE CLASIFICACIÓN | |
| Número de control del registro de autoridad o número normalizado | EPSCPA 0008 |
| 100 ## - ENTRADA PRINCIPAL--NOMBRE DE PERSONA | |
| Nombre de persona | Reyes Godínez, José Domingo |
| Término indicativo de función/relación | Autor |
| 245 ## - MENCIÓN DEL TÍTULO | |
| Título | INFORME FINAL DEL EJERCICIO PROFESIONAL SUPERVISADO REALIZADO EN PLANTA HIDROELÉCTRICA CHIXOY, SAN CRISTÓBAL VERAPAZ, ALTA VERAPAZ/ |
| Mención de responsabilidad, etc. | José Domingo Reyes Godínez. |
| Medio | Impreso |
| 264 ## - PRODUCCIÓN, PUBLICACIÓN, DISTRIBUCIÓN, FABRICACIÓN Y COPYRIGHT | |
| Producción, publicación, distribución, fabricación y copyright | Cobán, Alta Verapaz: |
| Nombre del de productor, editor, distribuidor, fabricante | Universidad de San Carlos de Guatemala, Centro Universitario del Norte, Carrera de Contaduría Pública y Auditoría |
| Fecha de producción, publicación, distribución, fabricación o copyright | 2015 |
| 300 ## - DESCRIPCIÓN FÍSICA | |
| Extensión | 109 p.: |
| Otras características físicas | Ilustraciones, gráficas. |
| Dimensiones | 28 cm; |
| 336 ## - TIPO DE CONTENIDO | |
| Fuente | rdacontenido |
| Término de tipo de contenido | Texto |
| Código de tipo de contenido | txt |
| 337 ## - TIPO DE MEDIO | |
| Fuente | rdamedio |
| Nombre/término del tipo de medio | Computadora |
| Código del tipo de medio | n |
| 338 ## - TIPO DE SOPORTE | |
| Fuente | rdasoporte |
| Nombre/término del tipo de soporte | Código en línea |
| Código del tipo de soporte | cr |
| 502 ## - NOTA DE TESIS | |
| identificador de la tesis | EPSCPA 0008 |
| 502 ## - NOTA DE TESIS | |
| Nota de tesis | Tesis de grado |
| Tipo de título | Carrera de Contaduría Pública y Auditoría, |
| Nombre de la institución que otorga el título | Universidad de San Carlos de Guatemala, Centro Universitario del Norte, Carrera de Contaduría Pública y Auditoría |
| Año de obtención del título | 2015 |
| Identificador de la tesis | EPSCPA 0008 |
| 520 14 - RESUMEN, ETC. | |
| Sumario, etc. | La Universidad de San Carlos de Guatemala a través del Centro Universitario del Norte brinda apoyo y enseñanza a diversos estudiantes, en las distintas carreras entre ellas en la Facultad de Ciencias Económicas, la carrera de Contaduría Pública y Auditoria en la fase final de cierre de pensum tiene la realización del Ejercicio Profesional Supervisado, que conlleva la confrontación de la teoría con la práctica, distribuido en cuatro fases siendo estas el diagnóstico, plan de trabajo, ejecución y presentación de informe final.<br/><br/>La Primera fase de este ejercicio realizado en Planta Hidroeléctrica Chixoy, ubicada en San Cristóbal, Alta Verapaz, se elaboró un diagnóstico, a través de una entrevista preliminar que permitió el conocimiento general de la institución mediante diferentes técnicas de auditoría detectando y priorizando las intervenciones a trabajar.<br/><br/>En la segunda fase se elaboró el plan de trabajo que fue utilizado para desvanecer las situaciones encontradas, detalladas en las diferentes actividades que fueron desarrolladas, durante la fase de ejecución del plan de trabajo se emplearon los conocimientos necesarios para minimizar la problemática de la institución y con ello apoyar en el fortalecimiento de los aspectos económicos, de cumplimiento y control interno, maximizando su eficiencia y eficacia.<br/> |
| 650 14 - PUNTO DE ACCESO ADICIONAL DE MATERIA--TÉRMINO DE MATERIA | |
| Fuente del encabezamiento o término | LEMB |
| Término de materia o nombre geográfico como elemento de entrada | San Cristóbal Verapaz, Alta Verapaz |
| Subdivisión general | Auditoría |
| -- | Diagnóstico |
| -- | Plan de trabajo |
| -- | Ejecución |
| -- | Informe final |
| 700 ## - ENTRADA AGREGADA--NOMBRE PERSONAL | |
| Término indicativo de función/relación | Asesor |
| 856 ## - LOCALIZACIÓN Y ACCESO ELECTRÓNICOS | |
| Identificador Uniforme de Recurso | <a href="Sin archivo en línea ">Sin archivo en línea </a> |
| Nota pública | Sin archivo en línea |
| 942 ## - ELEMENTOS DE ENTRADA SECUNDARIOS (KOHA) | |
| Fuente de la clasificación o esquema de estantería | Clasificación Decimal Dewey |
| Tipo de ítem Koha | TESIS |
| Parte de la signatura que identifica el ejemplar (Parte del ítem) | EPSCPA 0008 |
| Prefijo de la signatura | Clasificación |
| Suprimir en OPAC | No |
| -- | EPSCPA_0008_000000000000000 |
| Estatus retirado | Estado de pérdida | Fuente de la clasificación o esquema de estantería | Estado de daño | No para préstamo | Colección | Biblioteca de origen | Biblioteca actual | Ubicación en estantería | Fecha de adquisición | Número de inventario | Total de préstamos | Signatura topográfica completa | Código de barras | Visto por última vez | Precio de reemplazo | Tipo de ítem Koha |
|---|---|---|---|---|---|---|---|---|---|---|---|---|---|---|---|---|
| Clasificación Decimal Dewey | tesis | BIBLIOTECA- CUNOR -JOSÉ LUIS GONZALES ROSALES | BIBLIOTECA- CUNOR -JOSÉ LUIS GONZALES ROSALES | Colección tesis | 20/08/2025 | EPSCPA 0008 | EPSCPA 0008 | EPSCPA 0008 | 20/08/2025 | 20/08/2025 | TESIS |